000 03461nam0a2200445 4500
001 RU\NLR\BIBL_A\012762131
005 20230620100634.0
010 _a978-5-91718-655-9
_9101
021 _aRU
_bКН-П-21-096187
_9КН-П-21-7693
035 _a(NLR Aleph) 012762131
035 _a(RuMoRGB)010947799
090 _a13065907
_c13065907
100 _a20220414d2021 k y0rusy50 ca
101 0 _arus
102 _aRU
105 _ay z 100zy
181 0 _ai4
_baxxe
182 0 _an
200 1 _aПравовое регулирование и научно-технический прогресс
_eколлективная монография
_eпо итогам Всероссийской научно-практической конференции с иностранным участием "Правовое регулирование и научно-технический прогресс", состоявшейся 15 октября 2020 г.
_fБелгарян М. Е., Ботанцов И. В., Бочкарева Е. А. [и др.]
_gпод редакцией Г. Ф. Гараевой, В. В. Ковалевой
_gФедеральное государственное бюджетное образовательное учреждение высшего образования "Российский государственный университет правосудия", Северо-Кавказский филиал
203 _aТекст
_bвизуальный
_cнепосредственный
210 _aКраснодар
_cИздательский дом - Юг
_d2021
215 _a181 с.
_d20
300 _aАвт. указаны на обороте тит. с.
300 _aНа с. 178-181 авт.: Бегларян М. Е., канд. физ.-мат. наук, доц., Ботанцов И. В., доц., канд. юрид. наук, Бочкарева Е. А., д-р юрид. наук, доц. [и др.]
320 _aБиблиогр. в подстроч. примеч.
606 1 _aПравовые системы
_xМодернизация
_yРоссийская Федерация
_2nlr_sh2
_3RU\NLR\AUTH\661565171
606 1 _aПраво
_xИнформационные технологии
_2nlr_sh2
_3RU\NLR\AUTH\661584892
686 1 _aХ62
701 1 _aБегларян
_bМ. Е.
_cканд. физ.-мат. наук, информ. технологии
_gМаргарита Евгеньевна
_3RU\NLR\AUTH\770246322
701 1 _aБотанцов
_bИ. В.
_gИоанн Владимирович
701 1 _aБочкарева
_bЕ. А.
_gЕкатерина Александровна
702 1 _aГараева
_bГ. Ф.
_f1962-
_gГалина Фаизовна
_4340
711 1 2 _a"Правовое регулирование и научно-технический прогресс", всероссийская научно-практическая конференция с иностранным участием
_f2020
_eКраснодар
_3RU\NLR\AUTH\880563139
712 0 2 _aРоссийский государственный университет правосудия
_bСеверо-Кавказский филиал
_cКраснодар
_3RU\NLR\AUTH\880400998
_4570
942 _cBOOK
980 _aNB